Countries Containing N - Three Minute Sprint - Statistics

General Stats
  • This quiz has been taken 305 times
    280 since last reset
  • The average score is 66 of 116
Answer Stats
country % Correct
United Kingdom
92%
India
90%
Norway
90%
Indonesia
85%
Netherlands
85%
Finland
84%
United States
84%
Ireland
82%
Spain
82%
France
81%
Iceland
81%
Argentina
78%
Poland
77%
Sweden
76%
Japan
75%
Kazakhstan
74%
Nicaragua
74%
Denmark
73%
Afghanistan
72%
Canada
72%
Pakistan
72%
Turkmenistan
72%
United Arab Emirates
70%
Andorra
69%
China
69%
Germany
69%
Tajikistan
69%
Slovenia
68%
Kyrgyzstan
67%
Nepal
67%
New Zealand
67%
Niger
67%
Nigeria
67%
Uzbekistan
67%
Albania
66%
Bosnia and Herzegovina
66%
Switzerland
66%
Lithuania
64%
Nauru
64%
Thailand
64%
Venezuela
64%
Bhutan
63%
Monaco
63%
North Korea
63%
San Marino
63%
Angola
61%
Iran
61%
Vietnam
61%
Estonia
60%
Namibia
60%
Oman
60%
Panama
60%
Yemen
60%
Dominica
59%
Honduras
59%
Ukraine
59%
Vatican City
59%
Liechtenstein
58%
Taiwan
58%
Antigua and Barbuda
57%
Azerbaijan
57%
Democratic Republic of the Congo
57%
Republic of the Congo
57%
Romania
57%
Bangladesh
56%
Dominican Republic
56%
Philippines
56%
South Sudan
56%
St Kitts and Nevis
56%
Sudan
56%
Armenia
53%
Hungary
53%
Guinea
52%
Jordan
52%
St Vincent and the Grenadines
52%
Tunisia
52%
Montenegro
51%
Singapore
51%
Sri Lanka
51%
Brunei
50%
Guinea-Bissau
50%
Trinidad and Tobago
48%
Burundi
47%
Ghana
47%
Lebanon
47%
Rwanda
47%
Solomon Islands
47%
Kenya
45%
Papua New Guinea
45%
St Lucia
45%
Suriname
45%
Guyana
44%
Uganda
44%
Marshall Islands
43%
Central African Republic
42%
Macedonia
42%
Mongolia
42%
Myanmar
42%
Benin
41%
Grenada
41%
Mauritania
40%
Tanzania
40%
Tonga
40%
Vanuatu
40%
Bahrain
39%
Gabon
39%
Burkina Faso
35%
Cameroon
35%
Senegal
34%
Equatorial Guinea
33%
Micronesia
33%
Sao Tome and Principe
30%
Botswana
28%
Swaziland
25%
Sierra Leone
17%
Palestine
1%
No matching quizzes found
Score Distribution
Percent of People with Each Score
Percentile by Number Answered
Your Score History
You have not taken this quiz since the last reset